<?xml version="1.0" encoding="UTF-8"?>
<record
    xmlns:xsi="http://www.w3.org/2001/XMLSchema-instance"
    xsi:schemaLocation="http://www.loc.gov/MARC21/slim http://www.loc.gov/standards/marcxml/schema/MARC21slim.xsd"
    xmlns="http://www.loc.gov/MARC21/slim">

  <leader>03696cam a2200361 a 4500</leader>
  <controlfield tag="001">15250772</controlfield>
  <controlfield tag="005">20081219100752.0</controlfield>
  <controlfield tag="008">080407s2008    enk      b    001 0 eng  </controlfield>
  <datafield tag="010" ind1=" " ind2=" ">
    <subfield code="a">  2008015914</subfield>
  </datafield>
  <datafield tag="020" ind1=" " ind2=" ">
    <subfield code="a">140399577X (alk. paper)</subfield>
  </datafield>
  <datafield tag="020" ind1=" " ind2=" ">
    <subfield code="a">9781403995773 (alk. paper)</subfield>
  </datafield>
  <datafield tag="035" ind1=" " ind2=" ">
    <subfield code="a">(OCoLC)222250628</subfield>
  </datafield>
  <datafield tag="035" ind1=" " ind2=" ">
    <subfield code="a">(OCoLC)ocn222250628</subfield>
  </datafield>
  <datafield tag="040" ind1=" " ind2=" ">
    <subfield code="a">DLC</subfield>
    <subfield code="c">DLC</subfield>
    <subfield code="d">YDXCP</subfield>
    <subfield code="d">BTCTA</subfield>
    <subfield code="d">BAKER</subfield>
    <subfield code="d">BWKUK</subfield>
    <subfield code="d">BWK</subfield>
    <subfield code="d">BWX</subfield>
    <subfield code="d">CDX</subfield>
    <subfield code="d">DLC</subfield>
  </datafield>
  <datafield tag="043" ind1=" " ind2=" ">
    <subfield code="a">aw-----</subfield>
  </datafield>
  <datafield tag="050" ind1="0" ind2="0">
    <subfield code="a">JQ1758.A58</subfield>
    <subfield code="b">S74 2008</subfield>
  </datafield>
  <datafield tag="082" ind1="0" ind2="0">
    <subfield code="a">320.956</subfield>
    <subfield code="2">22</subfield>
    <subfield code="b">STE</subfield>
  </datafield>
  <datafield tag="100" ind1="1" ind2=" ">
    <subfield code="a">Stetter, Stephan,</subfield>
    <subfield code="d">1972-</subfield>
    <subfield code="9">8147</subfield>
  </datafield>
  <datafield tag="245" ind1="1" ind2="0">
    <subfield code="a">World society and the Middle East :</subfield>
    <subfield code="b">Reconstructions in regional politics /</subfield>
    <subfield code="c">Stephan Stetter.</subfield>
  </datafield>
  <datafield tag="260" ind1=" " ind2=" ">
    <subfield code="a">Basingstoke [England] :</subfield>
    <subfield code="b">Palgrave Macmillan,</subfield>
    <subfield code="c">c2008.</subfield>
  </datafield>
  <datafield tag="300" ind1=" " ind2=" ">
    <subfield code="a">x, 239 p. ;</subfield>
    <subfield code="c">23 cm.</subfield>
  </datafield>
  <datafield tag="490" ind1="0" ind2=" ">
    <subfield code="a">Rethinking peace and conflict studies</subfield>
  </datafield>
  <datafield tag="504" ind1=" " ind2=" ">
    <subfield code="a">Includes bibliographical references and index.</subfield>
  </datafield>
  <datafield tag="505" ind1="0" ind2=" ">
    <subfield code="a">Introduction : globalization, world society and the study of the Middle East in international relations -- World society and the Middle East : introductory remarks -- Addressing globalization and the Middle East -- Theories of globalization and world society -- A world society perspective on the Middle East -- Outline of the book -- Regionalization and debordering : the Middle East between global interconnectivity and functional differentiation -- Relocating the Middle East -- Debordering the Middle East -- Bordering Palestine -- Jerusalem as a world city -- Rebordering the Middle East -- The creeping antagonization of Middle East politics -- Power and contestations : crossings the lines between power and powerlessness in the Middle East -- Mystifications of power in the Middle East -- Readdressing cycles of power and powerlessness -- Frozen crossings : the naked visibility of power in Middle East politics -- The inflationary symbolization of power in the Middle East -- The centrality of violence in the Middle East reconsidered -- Hot contestations : paradoxes of power and powerlessness -- Inclusion and exclusion : fragile strategies of deparadoxification in the Middle East -- Inclusion and exclusion in Middle East politics -- Inclusion/exclusion and the creeping antagonization of Middle East politics -- Another Middle East mosaic : extended frozen crossings and chain exclusions -- Re-reading the 'crisis' of education in the Middle East -- Women, men and the Middle East -- World society and the polycontextuality of inclusion/exclusion -- Rethinking conflicts and peace in the Middle East -- Identities and conflicts : the 'deep perturbation' of Middle East politics -- Constructions and all that : identities and conflicts in the Middle East -- Antagonized identities, 'deep perturbations' and conflict systems -- Revisiting identities and conflicts in Middle East politics -- The institutionalization of antagonisms in Middle East politics -- Identity as the ideological battleground of Middle East conflicts -- World society and Middle East conflicts -- Beyond Orientalization and civilization : concluding remarks -- Whither peace in the Middle East?</subfield>
  </datafield>
  <datafield tag="650" ind1=" " ind2="0">
    <subfield code="a">Interregionalism</subfield>
    <subfield code="z">Middle East.</subfield>
    <subfield code="9">8148</subfield>
  </datafield>
  <datafield tag="650" ind1=" " ind2="0">
    <subfield code="a">Group identity</subfield>
    <subfield code="z">Middle East.</subfield>
    <subfield code="9">8149</subfield>
  </datafield>
  <datafield tag="650" ind1=" " ind2="0">
    <subfield code="a">Politics and war</subfield>
    <subfield code="z">Middle East.</subfield>
    <subfield code="9">8150</subfield>
  </datafield>
  <datafield tag="650" ind1=" " ind2="0">
    <subfield code="a">Globalization</subfield>
    <subfield code="z">Middle East.</subfield>
    <subfield code="9">8151</subfield>
  </datafield>
  <datafield tag="651" ind1=" " ind2="0">
    <subfield code="a">Middle East</subfield>
    <subfield code="x">Politics and government.</subfield>
    <subfield code="9">8152</subfield>
  </datafield>
  <datafield tag="942" ind1=" " ind2=" ">
    <subfield code="2">ddc</subfield>
    <subfield code="c">BB</subfield>
  </datafield>
  <datafield tag="999" ind1=" " ind2=" ">
    <subfield code="c">12428</subfield>
    <subfield code="d">12428</subfield>
  </datafield>
  <datafield tag="952" ind1=" " ind2=" ">
    <subfield code="0">0</subfield>
    <subfield code="1">0</subfield>
    <subfield code="2">ddc</subfield>
    <subfield code="4">0</subfield>
    <subfield code="7">0</subfield>
    <subfield code="8">Baccah</subfield>
    <subfield code="a">MAIN</subfield>
    <subfield code="b">MAIN</subfield>
    <subfield code="c">1ST</subfield>
    <subfield code="d">2009-07-27</subfield>
    <subfield code="e">purchase</subfield>
    <subfield code="g">375.00</subfield>
    <subfield code="h">8324</subfield>
    <subfield code="l">2</subfield>
    <subfield code="m">1</subfield>
    <subfield code="o">320.956 STE</subfield>
    <subfield code="p">000017586</subfield>
    <subfield code="r">2025-07-15 00:00:00</subfield>
    <subfield code="s">2019-03-03</subfield>
    <subfield code="y">BB</subfield>
  </datafield>
</record>
